[Event "CFriend AQ-2004-0-00002 email"]
[Site "Chessfriend.com"]
[Date "2004.01.17"]
[Round "?"]
[White "Trandafir, Stefan"]
[Black "Massimini Gerbino, Martina"]
[Result "0-1"]
[WhiteElo "1681"]
[BlackElo "1884"]
[PlyCount "96"]
[EventDate "2004.??.??"]
[EventType "tourn (corr)"]
[EventRounds "14"]
[SourceTitle "Corr 2008"]
[Source "ChessBase"]
[SourceDate "2008.06.24"]
[SourceVersion "1"]
[SourceVersionDate "2008.06.24"]
[SourceQuality "1"]

1. e4 c5 2. d4 cxd4 3. c3 dxc3 4. Nxc3 Nc6 5. Nf3 e6 6. Bc4 a6 7. Qe2 d6 8. 0-0 Be7 9. Rd1 Qc7 10. Bf4 Nf6 11. e5 Nh5 12. Bg5 Bxg5 13. Nxg5 Nf4 14. Qf3 dxe5 15. Nce4 0-0 16. g3 Ng6 17. Nxh7 Kxh7 18. Qh5+ Kg8 19. Ng5 Rd8 20. Qh7+ Kf8 21. h4 Qe7 22. Bd3 Qf6 23. Qh5 Ke7 24. Nh7 Nf4 25. gxf4 Qxf4 26. Ng5 Rd4 27. Be2 Bd7 28. Qh7 Qf6 29. Ne4 Qh6 30. Qxh6 gxh6 31. Nc5 Rg8+ 32. Kf1 Be8 33. h5 Rh4 34. Ke1 Nd4 35. Rac1 f5 36. Nxb7 Nxe2 37. Rc7+ Kf6 38. Rd8 Nf4 39. Nd6 Rh1+ 40. Kd2 Rd1+ 41. Kxd1 Bxh5+ 42. Kc2 Rxd8 43. Nc8 Nd5 44. Rc5 Nb4+ 45. Kb3 Nd3 46. Rc3 Bd1+ 47. Ka3 Nxf2 48. Nb6 e4 0-1

[Event "IECG CP.2002.Q.00018 email"]
[Site "IECG email"]
[Date "2003.10.01"]
[Round "?"]
[White "Bendig, Frank"]
[Black "Massimini Gerbino, Martina"]
[Result "1/2-1/2"]
[WhiteElo "2453"]
[BlackElo "1699"]
[PlyCount "63"]
[EventDate "2003.10.01"]
[EventType "tourn (corr)"]
[EventRounds "10"]
[SourceTitle "Corr 2008"]
[Source "ChessBase"]
[SourceDate "2008.06.24"]
[SourceVersion "1"]
[SourceVersionDate "2008.06.24"]
[SourceQuality "1"]

1. Nf3 Nf6 2. b3 c5 3. Bb2 d5 4. e3 e6 5. c4 Nc6 6. cxd5 exd5 7. Bb5 Bd6 8. 0-0 0-0 9. d4 cxd4 10. Nxd4 Qb6 11. a4 Qc7 12. Nf3 Ng4 13. h3 Nh2 14. Nxh2 Bxh2+ 15. Kh1 Be5 16. Bxe5 Qxe5 17. Nd2 Bf5 18. Nf3 Qe4 19. a5 a6 20. Bxc6 bxc6 21. Rc1 Rfc8 22. Rc5 Rab8 23. Qe2 Rb5 24. Rxb5 cxb5 25. Nd4 h6 26. Rd1 Bg6 27. Qd2 Kh7 28. Kg1 Qe7 29. Kh1 Qa3 30. Qe1 Kg8 31. Kg1 Rc7 32. Kh1 1/2-1/2

[Event "IECG CP.2002.Q.00018 email"]
[Site "IECG email"]
[Date "2003.10.01"]
[Round "?"]
[White "Tong Soen, Kwik"]
[Black "Massimini Gerbino, Martina"]
[Result "0-1"]
[WhiteElo "1400"]
[BlackElo "1699"]
[PlyCount "68"]
[EventDate "2003.10.01"]
[EventType "tourn (corr)"]
[EventRounds "10"]
[SourceTitle "Corr 2008"]
[Source "ChessBase"]
[SourceDate "2008.06.24"]
[SourceVersion "1"]
[SourceVersionDate "2008.06.24"]
[SourceQuality "1"]

1. e4 c5 2. Nf3 Nc6 3. d4 cxd4 4. Nxd4 g6 5. Nc3 Bg7 6. Be3 Nf6 7. Nb3 0-0 8. f3 a5 9. Bb5 d5 10. exd5 Nb4 11. d6 Qxd6 12. Qxd6 exd6 13. 0-0-0 a4 14. Nd4 Nfd5 15. Nxd5 Nxd5 16. Bf2 a3 17. Bc4 axb2+ 18. Kxb2 Nb6 19. Bb3 Na4+ 20. Bxa4 Rxa4 21. c3 Bd7 22. Rd2 Rfa8 23. Ra1 Ra3 24. Rd3 Be6 25. Nxe6 fxe6 26. Bd4 Bf8 27. f4 b5 28. Re3 Kf7 29. g4 b4 30. Ree1 R3a4 31. c4 Ra3 32. h4 h5 33. Rg1 hxg4 34. Rxg4 b3 0-1

[Event "IECG WC.2006.P.00016 email"]
[Site "IECG email"]
[Date "2003.01.22"]
[Round "?"]
[White "Massimini Gerbino, Martina"]
[Black "Taner, Harun"]
[Result "1-0"]
[WhiteElo "1512"]
[BlackElo "1484"]
[PlyCount "43"]
[EventDate "2003.01.22"]
[EventType "tourn (corr)"]
[EventRounds "10"]
[SourceTitle "Corr 2008"]
[Source "ChessBase"]
[SourceDate "2008.06.24"]
[SourceVersion "1"]
[SourceVersionDate "2008.06.24"]
[SourceQuality "1"]

1. e4 e5 2. Nc3 Nc6 3. Bc4 Bc5 4. Qg4 Qf6 5. Qg3 Nb4 6. Bb3 d6 7. a3 Na6 8. d3 Be6 9. Bxe6 fxe6 10. Nf3 h6 11. Rb1 0-0-0 12. b4 Bb6 13. 0-0 Ne7 14. a4 c6 15. a5 Bc7 16. Be3 Kb8 17. b5 cxb5 18. Nxb5 Nc6 19. d4 exd4 20. Nfxd4 Nxa5 21. Rfd1 b6 22. Nxa7 1-0

[Event "IECG CP.2002.P.00017 email"]
[Site "IECG email"]
[Date "2002.10.01"]
[Round "?"]
[White "Hnatovsky, Nicholas"]
[Black "Massimini Gerbino, Martina"]
[Result "1/2-1/2"]
[WhiteElo "2307"]
[BlackElo "1580"]
[PlyCount "69"]
[EventDate "2002.10.01"]
[EventType "tourn (corr)"]
[EventRounds "6"]
[EventCountry "ITA"]
[SourceTitle "Corr 2008"]
[Source "ChessBase"]
[SourceDate "2008.06.24"]
[SourceVersion "1"]
[SourceVersionDate "2008.06.24"]
[SourceQuality "1"]

1. d4 d5 2. c4 c6 3. cxd5 cxd5 4. Nc3 Nf6 5. Bf4 Nc6 6. e3 a6 7. Bd3 Bg4 8. Nge2 e6 9. 0-0 Bh5 10. Qb3 Na5 11. Qc2 Rc8 12. Rac1 Bg6 13. Bg5 Nc6 14. a3 Be7 15. Nf4 Bxd3 16. Nxd3 Nd7 17. Bxe7 Qxe7 18. f4 Nf6 19. Qe2 0-0 20. Nc5 Rc7 21. Rc2 Rfc8 22. b4 Na7 23. Rfc1 Ne8 24. e4 dxe4 25. d5 b6 26. N5xe4 Nb5 27. Nxb5 Rxc2 28. Rxc2 Rxc2 29. Qxc2 exd5 30. Nbc3 dxe4 31. Qxe4 Qxe4 32. Nxe4 f5 33. Nc3 Nc7 34. Kf2 Kf7 35. Ke3 1/2-1/2

[Event "IECG CP.2002.P.00017 email"]
[Site "IECG email"]
[Date "2002.10.01"]
[Round "?"]
[White "Seiler, Peter"]
[Black "Massimini Gerbino, Martina"]
[Result "0-1"]
[WhiteElo "1970"]
[BlackElo "1580"]
[PlyCount "34"]
[EventDate "2002.10.01"]
[EventType "tourn (corr)"]
[EventRounds "6"]
[EventCountry "ITA"]
[SourceTitle "Corr 2008"]
[Source "ChessBase"]
[SourceDate "2008.06.24"]
[SourceVersion "1"]
[SourceVersionDate "2008.06.24"]
[SourceQuality "1"]

1. e4 c5 2. Nf3 d6 3. d4 cxd4 4. Nxd4 Nf6 5. Nc3 e6 6. Be3 a6 7. g4 e5 8. Nf5 g6 9. g5 gxf5 10. exf5 d5 11. gxf6 d4 12. Bc4 Qc7 13. Qd3 dxc3 14. 0-0-0 Nc6 15. f4 cxb2+ 16. Kb1 b5 17. Bd5 Nb4 0-1

[Event "IECG CF.2002.0.00019 email"]
[Site "IECG email"]
[Date "2002.02.28"]
[Round "?"]
[White "Harper, Roy"]
[Black "Massimini Gerbino, Martina"]
[Result "0-1"]
[WhiteElo "1000"]
[BlackElo "1111"]
[PlyCount "62"]
[EventDate "2002.02.28"]
[EventType "tourn (corr)"]
[EventRounds "6"]
[SourceTitle "Corr 2008"]
[Source "ChessBase"]
[SourceDate "2008.06.24"]
[SourceVersion "1"]
[SourceVersionDate "2008.06.24"]
[SourceQuality "1"]

1. Nc3 d5 2. d4 Nf6 3. Nf3 g6 4. e3 Bg7 5. Bd3 Nc6 6. 0-0 0-0 7. a3 Bg4 8. b4 e5 9. Be2 exd4 10. exd4 Ne4 11. Qd3 Nxc3 12. Qxc3 Bxf3 13. Bxf3 Bxd4 14. Qd3 Bxa1 15. Bxd5 Re8 16. Be3 Bg7 17. Rd1 Qf6 18. b5 Ne5 19. Qe2 Rad8 20. h3 c6 21. bxc6 bxc6 22. Bb3 Rxd1+ 23. Qxd1 a5 24. Qd2 a4 25. Bxa4 Nc4 26. Qe1 Nxe3 27. fxe3 Bh6 28. Bb3 Rxe3 29. Qf2 Qa1+ 30. Kh2 Qe5+ 31. g3 Re2 0-1